Ted shyaprofid ki chuni hui rachnain 1978-1984 (Record no. 1099273)

MARC details
000 -LEADER
fixed length control field 00687nam a2200241Ia 4500
003 - CONTROL NUMBER IDENTIFIER
control field OSt
005 - DATE AND TIME OF LATEST TRANSACTION
control field 20221006153050.0
008 - FIXED-LENGTH DATA ELEMENTS--GENERAL INFORMATION
fixed length control field 221006b |||||||| |||| 00| 0 hin d
037 ## - SOURCE OF ACQUISITION
Terms of availability Textual
040 ## - CATALOGING SOURCE
Original cataloging agency EASL
Transcribing agency EASL
Language of cataloging hin
041 ## - LANGUAGE CODE
Source of code hin
Language code of text/sound track or separate title hin
100 ## - MAIN ENTRY--PERSONAL NAME
Personal name TED Shyaprofid
9 (RLIN) 662376
245 #0 - TITLE STATEMENT
Title Ted shyaprofid ki chuni hui rachnain 1978-1984
260 ## - PUBLICATION, DISTRIBUTION, ETC.
Place of publication, distribution, etc. Beijing
Name of publisher, distributor, etc. Videshi Bhasha Prakashan Greh China
Date of publication, distribution, etc. 1987
300 ## - PHYSICAL DESCRIPTION
Extent 290p.
Dimensions cm.
650 ## - SUBJECT ADDED ENTRY--TOPICAL TERM
Topical term or geographic name entry element HL
942 ## - ADDED ENTRY ELEMENTS (KOHA)
Classification part V41y7NDE, 152M7
Koha item type Textual
Source of classification or shelving scheme Colon Classification (CC)
Holdings
Withdrawn status Lost status Source of classification or shelving scheme Damaged status Not for loan Home library Current library Date acquired Source of acquisition Total Checkouts Full call number Barcode Date last seen Price effective from Koha item type
    Colon Classification (CC)     Department of East Asian Studies Library Department of East Asian Studies Library 2022-10-06 Gift, PRC   V41y7NDE 152M7 EA1231785 2022-10-06 2022-10-06 Textual
Copyright @ Delhi University Library System